[Event "183 Stay Safe Play From Home series"]
[Site "T#646406Emanuel Laske"]
[Date "2020.05.28"]
[Round "4"]
[White "Weltszmerc"]
[Black "Patzeroglu"]
[Result "1-0"]
[WhiteElo "2059"]
[BlackElo "1964"]
[Annotator "NA"]
[PlyCount "149"]
[EventDate "2020.05.28"]
[EventType "swiss (blitz)"]

1. d4 {[%emt 0:00:02]} Nf6 {[%emt 0:00:02]} 2. c4 {[%emt 0:00:01]} e6 {[%emt 0:00:01]} 3. Nf3 {[%emt 0:00:01]} Bb4+ {[%emt 0:00:01]} 4. Bd2 {[%emt 0:00:07]} a5 {[%emt 0:00:02]} 5. g3 {[%emt 0:00:01]} b6 {[%emt 0:00:01]} 6. Bg2 {[%emt 0:00:01]} Ba6 {[%emt 0:00:00]} 7. Qc2 {[%emt 0:00:03]} c6 {[%emt 0:00:01]} 8. O-O {[%emt 0:00:03]} O-O {[%emt 0:00:02]} 9. Bg5 {[%emt 0:00:04]} Be7 {[%emt 0:00:00]} 10. e4 {[%emt 0:00:01]} d5 {[%emt 0:00:02]} 11. Bxf6 {[%emt 0:00:12]} Bxf6 {[%emt 0:00:08]} 12. e5 {[%emt 0:00:05]} Be7 {[%emt 0:00:02]} 13. b3 {[%emt 0:00:07]} b5 {[%emt 0:00:15]} 14. c5 {[%emt 0:00:04]} b4 {[%emt 0:00:02]} 15. Re1 {[%emt 0:00:04]} Bb5 {[%emt 0:00:01]} 16. a4 {[%emt 0:00:06]} bxa3 {[%emt 0:00:02]} 17. Nc3 {[%emt 0:00:02]} Na6 {[%emt 0:00:29]} 18. Nxb5 {[%emt 0:00:03]} cxb5 {[%emt 0:00:01]} 19. Rxa3 {[%emt 0:00:01]} Nb4 {[%emt 0:00:04]} 20. Qd2 {[%emt 0:00:02]} Qd7 {[%emt 0:00:19]} 21. Rea1 {[%emt 0:00:05]} Nc6 {[%emt 0:00:02]} 22. Bf1 {[%emt 0:00:03]} Rfb8 {[%emt 0:00:02]} 23. h4 {[%emt 0:00:07]} f6 {[%emt 0:00:10]} 24. exf6 {[%emt 0:00:08]} Bxf6 {[%emt 0:00:00]} 25. Bh3 {[%emt 0:00:03]} Re8 {[%emt 0:00:19]} 26. Re1 {[%emt 0:00:02]} Qf7 {[%emt 0:00:11]} 27. Kg2 {[%emt 0:00:12]} e5 {[%emt 0:00:11]} 28. dxe5 {[%emt 0:00:02]} Nxe5 {[%emt 0:00:02]} 29. Nxe5 {[%emt 0:00:04]} Bxe5 {[%emt 0:00:14]} 30. Rxa5 {[%emt 0:00:13]} Rxa5 {[%emt 0:00:03]} 31. Qxa5 {[%emt 0:00:01]} Bd4 {[%emt 0:00:01]} 32. Rxe8+ {[%emt 0:00:08]} Qxe8 {[%emt 0:00:00]} 33. Qb6 {[%emt 0:00:08]} Qe4+ {[%emt 0:00:02]} 34. Kh2 {[%emt 0:00:05]} Bxf2 {[%emt 0:00:01]} 35. Qe6+ {[%emt 0:00:04]} Qxe6 {[%emt 0:00:02]} 36. Bxe6+ {[%emt 0:00:00]} Kf8 {[%emt 0:00:02]} 37. c6 {[%emt 0:00:01]} Bb6 {[%emt 0:00:01]} 38. Bxd5 {[%emt 0:00:01]} Ke7 {[%emt 0:00:00]} 39. Be4 {[%emt 0:00:05]} h6 {[%emt 0:00:01]} 40. Bd3 {[%emt 0:00:01]} b4 {[%emt 0:00:01]} 41. g4 {[%emt 0:00:01]} Kd6 {[%emt 0:00:00]} 42. Be4 {[%emt 0:00:02]} Bd4 {[%emt 0:00:00]} 43. Kg3 {[%emt 0:00:02]} Bc3 {[%emt 0:00:00] Patzeroglu bietet Remis} 44. Kf4 {[%emt 0:00:02]} Kc7 {[%emt 0:00:00]} 45. Kf5 {[%emt 0:00:01]} Bb2 {[%emt 0:00:00]} 46. Ke6 {[%emt 0:00:01]} Bc3 {[%emt 0:00:00]} 47. g5 {[%emt 0:00:02]} Bb2 {[%emt 0:00:00]} 48. gxh6 {[%emt 0:00:01]} gxh6 {[%emt 0:00:00]} 49. Kd5 {[%emt 0:00:01]} Bc1 {[%emt 0:00:00]} 50. Kc4 {[%emt 0:00:01]} Bd2 {[%emt 0:00:00]} 51. Bf5 {[%emt 0:00:00]} Bc3 {[%emt 0:00:00]} 52. Bd7 {[%emt 0:00:00]} Be1 {[%emt 0:00:00]} 53. Kd3 {[%emt 0:00:00]} Bc3 {[%emt 0:00:00]} 54. h5 {[%emt 0:00:00]} Bf6 {[%emt 0:00:00]} 55. Ke2 {[%emt 0:00:00]} Bc3 {[%emt 0:00:00]} 56. Kd3 {[%emt 0:00:00]} Bf6 {[%emt 0:00:00]} 57. Ke4 {[%emt 0:00:00]} Bc3 {[%emt 0:00:00]} 58. Kf5 {[%emt 0:00:00]} Be1 {[%emt 0:00:00]} 59. Kg6 {[%emt 0:00:00]} Bd2 {[%emt 0:00:00]} 60. Kh7 {[%emt 0:00:00]} Bc1 {[%emt 0:00:00]} 61. Kg7 {[%emt 0:00:00]} Bd2 {[%emt 0:00:00]} 62. Kg6 {[%emt 0:00:00]} Bc1 {[%emt 0:00:00]} 63. Be8 {[%emt 0:00:00]} Bd2 {[%emt 0:00:00]} 64. Bd7 {[%emt 0:00:00]} Bc1 {[%emt 0:00:00]} 65. Kf5 {[%emt 0:00:00]} Bd2 {[%emt 0:00:00]} 66. Ke5 {[%emt 0:00:00]} Bc1 {[%emt 0:00:00]} 67. Ke4 {[%emt 0:00:00]} Bb2 {[%emt 0:00:00]} 68. Kd3 {[%emt 0:00:00]} Bc3 {[%emt 0:00:00]} 69. Be8 {[%emt 0:00:00]} Bf6 {[%emt 0:00:00]} 70. Kc4 {[%emt 0:00:00]} Bc3 {[%emt 0:00:00]} 71. Kb5 {[%emt 0:00:00]} Be1 {[%emt 0:00:00]} 72. Ka4 {[%emt 0:00:00]} Bc3 {[%emt 0:00:00]} 73. Ka5 {[%emt 0:00:00]} Be1 {[%emt 0:00:00]} 74. Ka6 {[%emt 0:00:00]} Bc3 {[%emt 0:00:00]} 75. Bd7 {[%emt 0:00:00] (Lag: Av=1.14s, max=2.0s)} 1-0

[Event "183 Stay Safe Play From Home series"]
[Site "T#646406Emanuel Laske"]
[Date "2020.05.28"]
[Round "4"]
[White "Dukic"]
[Black "Kongle"]
[Result "0-1"]
[WhiteElo "1845"]
[BlackElo "1815"]
[Annotator "NA"]
[PlyCount "80"]
[EventDate "2020.05.28"]
[EventType "swiss (blitz)"]

1. d4 {[%emt 0:00:15]} d5 {[%emt 0:00:02]} 2. c4 {[%emt 0:00:02]} Nf6 {[%emt 0:00:02]} 3. Nc3 {[%emt 0:00:01]} e6 {[%emt 0:00:01]} 4. Nf3 {[%emt 0:00:01]} Be7 {[%emt 0:00:03]} 5. Bg5 {[%emt 0:00:02]} O-O {[%emt 0:00:02]} 6. e3 {[%emt 0:00:01]} c6 {[%emt 0:00:03]} 7. Bd3 {[%emt 0:00:02]} dxc4 {[%emt 0:00:01]} 8. Bxc4 {[%emt 0:00:01]} b5 {[%emt 0:00:01]} 9. Bd3 {[%emt 0:00:02]} Bb7 {[%emt 0:00:00]} 10. a3 {[%emt 0:00:02]} a6 {[%emt 0:00:02]} 11. b4 {[%emt 0:00:01]} Nbd7 {[%emt 0:00:02]} 12. O-O {[%emt 0:00:02]} Rc8 {[%emt 0:00:02]} 13. Rc1 {[%emt 0:00:02]} Nb6 {[%emt 0:00:01]} 14. Ne5 {[%emt 0:00:02]} Nfd7 {[%emt 0:00:04]} 15. Bxe7 {[%emt 0:00:03]} Qxe7 {[%emt 0:00:01]} 16. Ne4 {[%emt 0:00:03]} Nxe5 {[%emt 0:00:03]} 17. dxe5 {[%emt 0:00:02]} Nc4 {[%emt 0:00:07]} 18. Qh5 {[%emt 0:00:07]} g6 {[%emt 0:00:06]} 19. Qh6 {[%emt 0:00:09]} Nxe5 {[%emt 0:00:08]} 20. Be2 {[%emt 0:00:09]} f5 {[%emt 0:00:03]} 21. Nc5 {[%emt 0:00:02]} Rcd8 {[%emt 0:00:09]} 22. Rfd1 {[%emt 0:00:01]} Rd5 {[%emt 0:00:02]} 23. f4 {[%emt 0:00:03]} Nc4 {[%emt 0:00:05]} 24. Bxc4 {[%emt 0:00:07]} bxc4 {[%emt 0:00:01]} 25. Qh3 {[%emt 0:00:07]} Rfd8 {[%emt 0:00:08]} 26. Rxd5 {[%emt 0:00:05]} cxd5 {[%emt 0:00:04]} 27. Rd1 {[%emt 0:00:02]} Bc8 {[%emt 0:00:03]} 28. Qf3 {[%emt 0:00:02]} Qd6 {[%emt 0:00:11]} 29. Qf2 {[%emt 0:00:07]} a5 {[%emt 0:00:02]} 30. Qb2 {[%emt 0:00:02]} axb4 {[%emt 0:00:05]} 31. axb4 {[%emt 0:00:01]} Kf7 {[%emt 0:00:20]} 32. Qd4 {[%emt 0:00:02]} Bd7 {[%emt 0:00:08]} 33. Nb7 {[%emt 0:00:04]} Qc7 {[%emt 0:00:12]} 34. Nxd8+ {[%emt 0:00:02]} Qxd8 {[%emt 0:00:01]} 35. Qc5 {[%emt 0:00:04]} Qb8 {[%emt 0:00:10]} 36. Ra1 {[%emt 0:00:06]} Ke8 {[%emt 0:00:12]} 37. Ra5 {[%emt 0:00:09]} d4 {[%emt 0:00:07]} 38. Qxd4 {[%emt 0:00:19]} Qxb4 {[%emt 0:00:03]} 39. Ra8+ {[%emt 0:00:02]} Ke7 {[%emt 0:00:03]} 40. Ra7 {[%emt 0:00:01]} Qe1# {[%emt 0:00:02] (Lag: Av=0.50s, max=0.8s)} 0-1

[Event "183 Stay Safe Play From Home series"]
[Site "T#646406Emanuel Laske"]
[Date "2020.05.28"]
[Round "4"]
[White "Trotsky"]
[Black "Spacecap39"]
[Result "0-1"]
[WhiteElo "1561"]
[BlackElo "1836"]
[Annotator "NA"]
[PlyCount "32"]
[EventDate "2020.05.28"]
[EventType "swiss (blitz)"]

1. d4 {[%emt 0:00:01]} d5 {[%emt 0:00:02]} 2. e3 {[%emt 0:00:01]} e6 {[%emt 0:00:01]} 3. c4 {[%emt 0:00:01]} c5 {[%emt 0:00:02]} 4. Nc3 {[%emt 0:00:01]} Nf6 {[%emt 0:00:03]} 5. Nf3 {[%emt 0:00:01]} Nc6 {[%emt 0:00:01]} 6. a3 {[%emt 0:00:02]} a6 {[%emt 0:00:02]} 7. Qc2 {[%emt 0:00:01]} dxc4 {[%emt 0:00:02]} 8. Bxc4 {[%emt 0:00:01]} b5 {[%emt 0:00:01]} 9. Bd3 {[%emt 0:00:01]} cxd4 {[%emt 0:00:02]} 10. Ne4 {[%emt 0:00:01]} Bb7 {[%emt 0:00:11]} 11. Bd2 {[%emt 0:00:08]} Be7 {[%emt 0:00:24]} 12. O-O-O {[%emt 0:00:03]} O-O {[%emt 0:00:04]} 13. Neg5 {[%emt 0:00:02]} h6 {[%emt 0:00:05]} 14. h4 {[%emt 0:00:02]} Rc8 {[%emt 0:00:02]} 15. Bh7+ {[%emt 0:00:04]} Kh8 {[%emt 0:00:05]} 16. Qd3 {[%emt 0:00:01]} Ne5+ {[%emt 0:00:05] Trotsky Ñäàåòñÿ (Lag: Av=0.22s, max=0.4s)} 0-1

[Event "183 Stay Safe Play From Home series"]
[Site "T#646406Emanuel Laske"]
[Date "2020.05.28"]
[Round "5"]
[White "little champs"]
[Black "Weltszmerc"]
[Result "1-0"]
[WhiteElo "2251"]
[BlackElo "2072"]
[PlyCount "89"]
[EventDate "2020.05.28"]
[EventType "swiss (blitz)"]

1. d4 {[%emt 0:00:03]} Nf6 {[%emt 0:00:00]} 2. e3 {[%emt 0:00:02]} b6 {[%emt 0:00:01]} 3. Nf3 {[%emt 0:00:02]} Bb7 {[%emt 0:00:01]} 4. Be2 {[%emt 0:00:01]} e6 {[%emt 0:00:01]} 5. O-O {[%emt 0:00:01]} Be7 {[%emt 0:00:01]} 6. c4 {[%emt 0:00:01]} O-O {[%emt 0:00:01]} 7. Nc3 {[%emt 0:00:01]} d5 {[%emt 0:00:02]} 8. cxd5 {[%emt 0:00:01]} Nxd5 {[%emt 0:00:01]} 9. Re1 {[%emt 0:00:01]} c5 {[%emt 0:00:01]} 10. Bf1 {[%emt 0:00:02]} cxd4 {[%emt 0:00:01]} 11. exd4 {[%emt 0:00:01]} Nxc3 {[%emt 0:00:01]} 12. bxc3 {[%emt 0:00:01]} Nd7 {[%emt 0:00:00]} 13. Bd3 {[%emt 0:00:01]} Nf6 {[%emt 0:00:02]} 14. Ne5 {[%emt 0:00:01]} Rc8 {[%emt 0:00:02]} 15. Bd2 {[%emt 0:00:01]} Qd5 {[%emt 0:00:01]} 16. f3 {[%emt 0:00:01]} Nd7 {[%emt 0:00:12]} 17. Be4 {[%emt 0:00:03]} Qxe4 {[%emt 0:00:28]} 18. fxe4 {[%emt 0:00:07]} Nxe5 {[%emt 0:00:05]} 19. dxe5 {[%emt 0:00:01]} Rfd8 {[%emt 0:00:00]} 20. Qe2 {[%emt 0:00:01]} Ba3 {[%emt 0:00:10]} 21. Rad1 {[%emt 0:00:03]} h6 {[%emt 0:00:12]} 22. Be3 {[%emt 0:00:01]} Re8 {[%emt 0:00:02]} 23. Rd7 {[%emt 0:00:05]} Bxe4 {[%emt 0:00:01]} 24. Bxh6 {[%emt 0:00:06]} Bg6 {[%emt 0:00:03]} 25. Bd2 {[%emt 0:00:04]} Rc5 {[%emt 0:00:11]} 26. h4 {[%emt 0:00:02]} b5 {[%emt 0:00:11]} 27. h5 {[%emt 0:00:01]} Bh7 {[%emt 0:00:01]} 28. h6 {[%emt 0:00:01]} Rc4 {[%emt 0:00:07]} 29. Qf2 {[%emt 0:00:05]} Bg6 {[%emt 0:00:06]} 30. hxg7 {[%emt 0:00:01]} a5 {[%emt 0:00:04]} 31. Qf6 {[%emt 0:00:10]} Rcc8 {[%emt 0:00:25]} 32. Re3 {[%emt 0:00:01]} Bc5 {[%emt 0:00:01]} 33. Kh2 {[%emt 0:00:03]} Bxe3 {[%emt 0:00:01]} 34. Bxe3 {[%emt 0:00:01]} Rxc3 {[%emt 0:00:01]} 35. Bg5 {[%emt 0:00:05]} Rc2 {[%emt 0:00:04]} 36. Rd8 {[%emt 0:00:02]} Rc8 {[%emt 0:00:02]} 37. Rxc8 {[%emt 0:00:02]} Rxc8 {[%emt 0:00:02]} 38. Bh6 {[%emt 0:00:03]} b4 {[%emt 0:00:03]} 39. Qh4 {[%emt 0:00:01]} Rc2 {[%emt 0:00:03]} 40. Bg5 {[%emt 0:00:03]} Rxg2+ {[%emt 0:00:04]} 41. Kxg2 {[%emt 0:00:02]} Be4+ {[%emt 0:00:00]} 42. Qxe4 {[%emt 0:00:01]} Kxg7 {[%emt 0:00:00]} 43. Bf6+ {[%emt 0:00:01]} Kh6 {[%emt 0:00:03]} 44. Qf4+ {[%emt 0:00:02]} Kg6 {[%emt 0:00:01]} 45. Qg5+ {[%emt 0:00:01] Weltszmerc poddaje się (Lag: Av=1.04s, max=3.3s)} 1-0

[Event "183 Stay Safe Play From Home series"]
[Site "T#646406Emanuel Laske"]
[Date "2020.05.28"]
[Round "5"]
[White "Position"]
[Black "Indianquant"]
[Result "0-1"]
[WhiteElo "2095"]
[BlackElo "2236"]
[PlyCount "126"]
[EventDate "2020.05.28"]
[EventType "swiss (blitz)"]

1. e4 {[%emt 0:00:02]} c5 {[%emt 0:00:01]} 2. Nf3 {[%emt 0:00:01]} d6 {[%emt 0:00:05]} 3. d4 {[%emt 0:00:02]} cxd4 {[%emt 0:00:00]} 4. Nxd4 {[%emt 0:00:00]} Nf6 {[%emt 0:00:00]} 5. Nc3 {[%emt 0:00:02]} a6 {[%emt 0:00:00]} 6. Bc4 {[%emt 0:00:02]} e6 {[%emt 0:00:01]} 7. Bb3 {[%emt 0:00:03]} Nbd7 {[%emt 0:00:01]} 8. O-O {[%emt 0:00:02]} Nc5 {[%emt 0:00:00]} 9. f3 {[%emt 0:00:01]} Be7 {[%emt 0:00:01]} 10. Be3 {[%emt 0:00:01]} Qc7 {[%emt 0:00:02]} 11. a3 {[%emt 0:00:01]} Nxb3 {[%emt 0:00:23]} 12. Nxb3 {[%emt 0:00:00]} O-O {[%emt 0:00:01]} 13. Qd4 {[%emt 0:00:02]} b5 {[%emt 0:00:06]} 14. Rfd1 {[%emt 0:00:05]} Bb7 {[%emt 0:00:05]} 15. Rac1 {[%emt 0:00:03]} h6 {[%emt 0:00:03]} 16. Kh1 {[%emt 0:00:01]} Rfc8 {[%emt 0:00:04]} 17. Qd2 {[%emt 0:00:04]} Bc6 {[%emt 0:00:03]} 18. Qf2 {[%emt 0:00:05]} Rab8 {[%emt 0:00:06]} 19. Ne2 {[%emt 0:00:02]} e5 {[%emt 0:00:06]} 20. Qe1 {[%emt 0:00:02]} Bd8 {[%emt 0:00:06]} 21. Ng3 {[%emt 0:00:05]} Bd7 {[%emt 0:00:03]} 22. Qd2 {[%emt 0:00:08]} Be7 {[%emt 0:00:01]} 23. Na5 {[%emt 0:00:08]} Be6 {[%emt 0:00:01]} 24. b4 {[%emt 0:00:10]} d5 {[%emt 0:00:01]} 25. exd5 {[%emt 0:00:01]} Nxd5 {[%emt 0:00:00]} 26. Ne4 {[%emt 0:00:17]} Nxe3 {[%emt 0:00:10]} 27. Qxe3 {[%emt 0:00:01]} f5 {[%emt 0:00:01]} 28. Nf2 {[%emt 0:00:14]} Bg5 {[%emt 0:00:02]} 29. Qe2 {[%emt 0:00:05]} Bxc1 {[%emt 0:00:03]} 30. Rxc1 {[%emt 0:00:00]} Rb6 {[%emt 0:00:06]} 31. Qe3 {[%emt 0:00:05]} Bf7 {[%emt 0:00:10]} 32. Nd3 {[%emt 0:00:02]} Re6 {[%emt 0:00:05]} 33. Nc5 {[%emt 0:00:01]} Rd6 {[%emt 0:00:01]} 34. Re1 {[%emt 0:00:04]} Re8 {[%emt 0:00:01]} 35. h3 {[%emt 0:00:07]} e4 {[%emt 0:00:05]} 36. fxe4 {[%emt 0:00:02]} fxe4 {[%emt 0:00:01]} 37. Rf1 {[%emt 0:00:02]} Bg6 {[%emt 0:00:04]} 38. c3 {[%emt 0:00:03]} Kh7 {[%emt 0:00:01]} 39. Nab3 {[%emt 0:00:02]} Qe7 {[%emt 0:00:02]} 40. Nd4 {[%emt 0:00:02]} Rf6 {[%emt 0:00:04]} 41. Re1 {[%emt 0:00:02]} a5 {[%emt 0:00:02]} 42. Ne2 {[%emt 0:00:06]} axb4 {[%emt 0:00:01]} 43. axb4 {[%emt 0:00:02]} Ref8 {[%emt 0:00:02]} 44. Kg1 {[%emt 0:00:05]} Rf5 {[%emt 0:00:08]} 45. Rd1 {[%emt 0:00:02]} Re5 {[%emt 0:00:02]} 46. Nd7 {[%emt 0:00:03]} Rd8 {[%emt 0:00:01]} 47. Qd4 {[%emt 0:00:03]} Re6 {[%emt 0:00:07]} 48. Nf6+ {[%emt 0:00:02]} Qxf6 {[%emt 0:00:01]} 49. Qxd8 {[%emt 0:00:00]} Qe5 {[%emt 0:00:02]} 50. Qd4 {[%emt 0:00:04]} Qc7 {[%emt 0:00:02]} 51. Rf1 {[%emt 0:00:02]} e3 {[%emt 0:00:02]} 52. Nf4 {[%emt 0:00:02]} Re4 {[%emt 0:00:00]} 53. Qc5 {[%emt 0:00:02]} Qxc5 {[%emt 0:00:03]} 54. bxc5 {[%emt 0:00:00]} e2 {[%emt 0:00:01]} 55. Nxe2 {[%emt 0:00:01]} Rxe2 {[%emt 0:00:01]} 56. Rf3 {[%emt 0:00:01]} Re5 {[%emt 0:00:01]} 57. c6 {[%emt 0:00:00]} Rc5 {[%emt 0:00:01]} 58. Re3 {[%emt 0:00:00]} Rxc6 {[%emt 0:00:01]} 59. Kf2 {[%emt 0:00:00]} Rc5 {[%emt 0:00:01]} 60. Rf3 {[%emt 0:00:00]} h5 {[%emt 0:00:01]} 61. Kg3 {[%emt 0:00:01]} Kh6 {[%emt 0:00:01]} 62. Kh4 {[%emt 0:00:00]} Rc4+ {[%emt 0:00:01]} 63. Kg3 {[%emt 0:00:00]} h4+ {[%emt 0:00:01] Time (Lag: Av=0.91s, max=2.1s)} 0-1

[Event "183 Stay Safe Play From Home series"]
[Site "T#646406Emanuel Laske"]
[Date "2020.05.28"]
[Round "5"]
[White "Patzeroglu"]
[Black "Don59as"]
[Result "1-0"]
[WhiteElo "1951"]
[BlackElo "2093"]
[Annotator "NA"]
[PlyCount "93"]
[EventDate "2020.05.28"]
[EventType "swiss (blitz)"]

1. e4 {[%emt 0:00:01]} e5 {[%emt 0:00:01]} 2. Nf3 {[%emt 0:00:01]} Nc6 {[%emt 0:00:01]} 3. Nc3 {[%emt 0:00:00]} d6 {[%emt 0:00:01]} 4. d4 {[%emt 0:00:01]} exd4 {[%emt 0:00:01]} 5. Nxd4 {[%emt 0:00:00]} Nf6 {[%emt 0:00:01]} 6. Bc4 {[%emt 0:00:01]} Be7 {[%emt 0:00:01]} 7. Bb3 {[%emt 0:00:01]} O-O {[%emt 0:00:01]} 8. f3 {[%emt 0:00:01]} Nxd4 {[%emt 0:00:07]} 9. Qxd4 {[%emt 0:00:02]} c5 {[%emt 0:00:00]} 10. Qd2 {[%emt 0:00:02]} Be6 {[%emt 0:00:01]} 11. Nd5 {[%emt 0:00:02]} Nxd5 {[%emt 0:00:01]} 12. Bxd5 {[%emt 0:00:00]} Bf6 {[%emt 0:00:06]} 13. c3 {[%emt 0:00:03]} Bxd5 {[%emt 0:00:02]} 14. Qxd5 {[%emt 0:00:02]} Re8 {[%emt 0:00:01]} 15. O-O {[%emt 0:00:01]} Qc7 {[%emt 0:00:03]} 16. Bf4 {[%emt 0:00:01]} Rad8 {[%emt 0:00:02]} 17. Rfd1 {[%emt 0:00:02]} Be5 {[%emt 0:00:01]} 18. Bxe5 {[%emt 0:00:02]} dxe5 {[%emt 0:00:00]} 19. Qc4 {[%emt 0:00:02]} a6 {[%emt 0:00:06]} 20. a4 {[%emt 0:00:01]} h6 {[%emt 0:00:07]} 21. h3 {[%emt 0:00:05]} Qb6 {[%emt 0:00:08]} 22. Rab1 {[%emt 0:00:11]} Rxd1+ {[%emt 0:00:11]} 23. Rxd1 {[%emt 0:00:00]} Qxb2 {[%emt 0:00:01]} 24. Qxc5 {[%emt 0:00:00]} Qc2 {[%emt 0:00:09]} 25. Rd7 {[%emt 0:00:05]} Qxa4 {[%emt 0:00:05]} 26. Rxb7 {[%emt 0:00:02]} Qa2 {[%emt 0:00:29]} 27. c4 {[%emt 0:00:12]} Qa1+ {[%emt 0:00:07]} 28. Kh2 {[%emt 0:00:02]} Qc1 {[%emt 0:00:08]} 29. Qd5 {[%emt 0:01:18] Patzeroglu bietet Remis} Qf4+ {[%emt 0:00:08]} 30. Kg1 {[%emt 0:00:01]} Re6 {[%emt 0:00:06]} 31. Rb8+ {[%emt 0:00:08]} Kh7 {[%emt 0:00:03]} 32. Rb1 {[%emt 0:00:02]} Rg6 {[%emt 0:00:04]} 33. Kh1 {[%emt 0:00:09]} Rg3 {[%emt 0:00:08]} 34. Rg1 {[%emt 0:00:02]} f6 {[%emt 0:00:07]} 35. c5 {[%emt 0:00:04]} Qh4 {[%emt 0:00:02]} 36. Kh2 {[%emt 0:00:01] Patzeroglu bietet Remis} Rg5 {[%emt 0:00:03]} 37. Qd2 {[%emt 0:00:02]} Qg3+ {[%emt 0:00:01]} 38. Kh1 {[%emt 0:00:00]} Rh5 {[%emt 0:00:01]} 39. c6 {[%emt 0:00:02]} Rxh3+ {[%emt 0:00:08]} 40. gxh3 {[%emt 0:00:00]} Qxh3+ {[%emt 0:00:01]} 41. Qh2 {[%emt 0:00:00]} Qxf3+ {[%emt 0:00:01]} 42. Qg2 {[%emt 0:00:00]} Qh5+ {[%emt 0:00:01]} 43. Qh2 {[%emt 0:00:00]} Qf3+ {[%emt 0:00:01]} 44. Rg2 {[%emt 0:00:00]} Qxe4 {[%emt 0:00:01]} 45. Qg1 {[%emt 0:00:00]} g5 {[%emt 0:00:03]} 46. c7 {[%emt 0:00:01]} Qc6 {[%emt 0:00:01]} 47. Qa7 {[%emt 0:00:00] Time} 1-0

[Event "183 Stay Safe Play From Home series"]
[Site "T#646406Emanuel Laske"]
[Date "2020.05.28"]
[Round "5"]
[White "Greblah"]
[Black "Haris kollari 13"]
[Result "0-1"]
[WhiteElo "1924"]
[BlackElo "1906"]
[Annotator "NA"]
[PlyCount "108"]
[EventDate "2020.05.28"]
[EventType "swiss (blitz)"]

1. e4 {[%emt 0:00:02]} e6 {[%emt 0:00:05]} 2. d4 {[%emt 0:00:04]} d5 {[%emt 0:00:01]} 3. e5 {[%emt 0:00:01]} c5 {[%emt 0:00:01]} 4. c3 {[%emt 0:00:01]} Nc6 {[%emt 0:00:01]} 5. Nf3 {[%emt 0:00:02]} Bd7 {[%emt 0:00:01]} 6. Be2 {[%emt 0:00:05]} a6 {[%emt 0:00:01]} 7. O-O {[%emt 0:00:01]} c4 {[%emt 0:00:02]} 8. b4 {[%emt 0:00:02]} b5 {[%emt 0:00:01]} 9. a4 {[%emt 0:00:02]} bxa4 {[%emt 0:00:02]} 10. Rxa4 {[%emt 0:00:08]} Nge7 {[%emt 0:00:03]} 11. Nbd2 {[%emt 0:00:08]} Ng6 {[%emt 0:00:10]} 12. Ra2 {[%emt 0:00:05]} Qb6 {[%emt 0:00:03]} 13. Re1 {[%emt 0:00:02]} Be7 {[%emt 0:00:01]} 14. Nf1 {[%emt 0:00:01]} O-O {[%emt 0:00:02]} 15. Bg5 {[%emt 0:00:02]} a5 {[%emt 0:00:04]} 16. Bxe7 {[%emt 0:00:02]} Ngxe7 {[%emt 0:00:04]} 17. bxa5 {[%emt 0:00:04]} Rxa5 {[%emt 0:00:01]} 18. Rxa5 {[%emt 0:00:02]} Qxa5 {[%emt 0:00:01]} 19. Qc2 {[%emt 0:00:03]} Ra8 {[%emt 0:00:08]} 20. Ng5 {[%emt 0:00:02]} Ng6 {[%emt 0:00:05]} 21. Rb1 {[%emt 0:00:04]} h6 {[%emt 0:00:05]} 22. Nh3 {[%emt 0:00:07]} Rb8 {[%emt 0:00:08]} 23. Rxb8+ {[%emt 0:00:04]} Nxb8 {[%emt 0:00:01]} 24. Bh5 {[%emt 0:00:00]} Ne7 {[%emt 0:00:05]} 25. g3 {[%emt 0:00:06]} Ba4 {[%emt 0:00:05]} 26. Qb2 {[%emt 0:00:04]} Qb5 {[%emt 0:00:02]} 27. Qxb5 {[%emt 0:00:06]} Bxb5 {[%emt 0:00:01]} 28. f4 {[%emt 0:00:07]} Nbc6 {[%emt 0:00:03]} 29. Kf2 {[%emt 0:00:03]} Ba4 {[%emt 0:00:02]} 30. Ke3 {[%emt 0:00:02]} Bc2 {[%emt 0:00:01]} 31. Nd2 {[%emt 0:00:07]} Na5 {[%emt 0:00:06]} 32. Nf2 {[%emt 0:00:08]} Nac6 {[%emt 0:00:07]} 33. Bd1 {[%emt 0:00:07]} Bg6 {[%emt 0:00:04]} 34. g4 {[%emt 0:00:03]} Na7 {[%emt 0:00:04]} 35. Ba4 {[%emt 0:00:02]} Nec8 {[%emt 0:00:04]} 36. Nh1 {[%emt 0:00:04]} Nb6 {[%emt 0:00:01]} 37. Bd1 {[%emt 0:00:06]} Nb5 {[%emt 0:00:01]} 38. f5 {[%emt 0:00:18]} exf5 {[%emt 0:00:01]} 39. gxf5 {[%emt 0:00:02]} Bxf5 {[%emt 0:00:01]} 40. Kf4 {[%emt 0:00:01]} Bg6 {[%emt 0:00:05]} 41. h4 {[%emt 0:00:11]} Nxc3 {[%emt 0:00:01]} 42. Bf3 {[%emt 0:00:04]} Bd3 {[%emt 0:00:08]} 43. h5 {[%emt 0:00:01]} Be2 {[%emt 0:00:05]} 44. Ng3 {[%emt 0:00:00]} Bxf3 {[%emt 0:00:02]} 45. Kxf3 {[%emt 0:00:00]} Nb5 {[%emt 0:00:02]} 46. Kf4 {[%emt 0:00:00]} Nxd4 {[%emt 0:00:02]} 47. Nf5 {[%emt 0:00:01]} Ne6+ {[%emt 0:00:02]} 48. Ke3 {[%emt 0:00:01]} Nd7 {[%emt 0:00:06]} 49. Nd4 {[%emt 0:00:00]} Nxe5 {[%emt 0:00:02]} 50. Nxe6 {[%emt 0:00:01]} fxe6 {[%emt 0:00:01]} 51. Kd4 {[%emt 0:00:00]} Ng4 {[%emt 0:00:04]} 52. Kc5 {[%emt 0:00:00]} c3 {[%emt 0:00:02]} 53. Kd6 {[%emt 0:00:00]} cxd2 {[%emt 0:00:01]} 54. Kxe6 {[%emt 0:00:00]} d1=Q {[%emt 0:00:01] Zeit (Lag: Av=0.37s, max=0.8s)} 0-1

[Event "183 Stay Safe Play From Home series"]
[Site "T#646406Emanuel Laske"]
[Date "2020.05.28"]
[Round "5"]
[White "Spacecap39"]
[Black "Lazieri3"]
[Result "0-1"]
[WhiteElo "1842"]
[BlackElo "2047"]
[Annotator "NA"]
[PlyCount "56"]
[EventDate "2020.05.28"]
[EventType "swiss (blitz)"]

1. e4 {[%emt 0:00:02]} c6 {[%emt 0:00:00]} 2. d4 {[%emt 0:00:02]} d5 {[%emt 0:00:00]} 3. Nd2 {[%emt 0:00:01]} dxe4 {[%emt 0:00:01]} 4. Nxe4 {[%emt 0:00:01]} Nd7 {[%emt 0:00:02]} 5. Ng3 {[%emt 0:00:03]} Ndf6 {[%emt 0:00:01]} 6. Nf3 {[%emt 0:00:01]} Bg4 {[%emt 0:00:02]} 7. Be2 {[%emt 0:00:02]} Nh5 {[%emt 0:00:01]} 8. Nxh5 {[%emt 0:00:05]} Bxh5 {[%emt 0:00:00]} 9. O-O {[%emt 0:00:03]} Nf6 {[%emt 0:00:01]} 10. c3 {[%emt 0:00:02]} e6 {[%emt 0:00:01]} 11. Bg5 {[%emt 0:00:02]} Be7 {[%emt 0:00:01]} 12. Re1 {[%emt 0:00:01]} Nd5 {[%emt 0:00:02]} 13. Bxe7 {[%emt 0:00:02]} Qxe7 {[%emt 0:00:00]} 14. Ne5 {[%emt 0:00:02]} Bxe2 {[%emt 0:00:00]} 15. Qxe2 {[%emt 0:00:02]} O-O {[%emt 0:00:00]} 16. Rad1 {[%emt 0:00:05]} Rad8 {[%emt 0:00:01]} 17. Rd3 {[%emt 0:00:01]} Nf4 {[%emt 0:00:01]} 18. Qe3 {[%emt 0:00:11]} Nxd3 {[%emt 0:00:01]} 19. Nxd3 {[%emt 0:00:01]} Rd5 {[%emt 0:00:09]} 20. Nf4 {[%emt 0:00:03]} Rf5 {[%emt 0:00:07]} 21. g4 {[%emt 0:00:08]} Rg5 {[%emt 0:00:04]} 22. h3 {[%emt 0:00:01]} Re8 {[%emt 0:00:20]} 23. Nd3 {[%emt 0:00:01]} h5 {[%emt 0:00:04]} 24. f4 {[%emt 0:00:02]} Rg6 {[%emt 0:00:01]} 25. Ne5 {[%emt 0:00:04]} Rf6 {[%emt 0:00:10]} 26. gxh5 {[%emt 0:00:09]} Rf5 {[%emt 0:00:05]} 27. Qf3 {[%emt 0:00:07]} Qh4 {[%emt 0:00:03]} 28. Kh2 {[%emt 0:00:02]} Qxe1 {[%emt 0:00:02] Spacecap39 gibt auf (Lag: Av=0.49s, max=1.1s)} 0-1